| 000 | 00423nam a22001697a 4500 | ||
|---|---|---|---|
| 003 | NUST - PNEC | ||
| 005 | 20170116181125.0 | ||
| 008 | 151005b xxu||||| |||| 00| 0 eng d | ||
| 020 | _a- | ||
| 040 | _cLIBRARY | ||
| 082 | _a891.439 PRE | ||
| 100 |
_913654 _aAsif Nawaz Chudary |
||
| 245 |
_aPrem chand k 100 afsany _cAsif Nawaz Chadary |
||
| 260 | _c- | ||
| 650 |
_913660 _aUrdu literature _xFiction |
||
| 942 |
_2ddc _cBK |
||
| 999 |
_c69727 _d69727 |
||